000 00869nam a22002297a 4500
999 _c161970
_d161970
005 20190821105051.0
010 _a1819CHEN B-719957-977
020 _a8189687085
_c400.00
035 _aB-719957-977
035 _aB-728624
037 _adpl
_bShabd Sagar
082 _a507.8
100 _aMendhiratta,Punita
245 _aFun with science experiments:
_bChemistry, Geology, Physics /
_cby Punita Mendhiratta
260 _aDelhi
_bShabd Sagar
_c2018
270 _a430, First Floor, Maharam Mohalla
_bDelhi
_e110032
300 _a128p.:
_c25cm(Hb)
_bill.
500 _aAirport
942 _2ddc
_cCH
_mMEN
_h507.8